000 00337nam a2200145Ia 4500
008 230917s9999||||xx |||||||||||||| ||und||
040 _e109733
_aMAIN
041 _aEnglish
082 _a590 S23J
100 _aSharma, Rohit
245 0 _aJeev- vigyan shiksha
260 _aNew Delhi
_bLakshya
_c2004
300 _a76 p.
942 _cBK
999 _c117551
_d117551